Every Song by Rival Sons - Statistics

General Stats
  • This quiz has been taken 8 times
    7 since last reset
  • The average score is 27 of 82
Answer Stats
Album Song % Correct
Feral Roots(2019) Feral Roots
100%
Hollow Bones(2016) Hollow Bones Pt. 1
100%
Hollow Bones(2016) Hollow Bones Pt. 2
100%
Pressure & Time(2011) Pressure and Time
100%
Feral Roots(2019) Do Your Worst
83%
Great Western Valkyrie(2014) Electric Man (Take You to the Sugar Shack)
83%
Great Western Valkyrie(2014) Good Luck (It's Going to Hurt Right Now)
83%
Great Western Valkyrie(2014) Good Things (Boy with a Bomb in His Jacket)
83%
Head Down(2012) Manifest Destiny Pt. 1
83%
Head Down(2012) Manifest Destiny Pt. 2
83%
Pressure & Time(Bonus)(2011) Torture
83%
Feral Roots(2019) Back in the Woods
67%
Darkfighter(2023) Horses Breath
67%
Head Down(2012) Jordan
67%
Head Down(2012) Keep on Swinging
67%
Great Western Valkyrie(2014) Open My Eyes (Folding Like a Jack Knife)
67%
Great Western Valkyrie(2014) Secret (Just Bring Me a Jar Full of Shine)
67%
Feral Roots(2019) Shooting Stars
67%
Feral Roots(2019) Sugar on the Bone
67%
Feral Roots(2019) Too Bad
67%
Head Down(2012) Until the Sun Comes
67%
Head Down(2012) Wild Animal
67%
Feral Roots(2019) All Directions
50%
Hollow Bones(2016) Black Coffee
50%
Feral Roots(2019) End of Forever
50%
Feral Roots(2019) Look Away
50%
Before the Fire(2009) Memphis Sun
50%
Head Down(2012) The Heist
50%
Hollow Bones(2016) Baby Boy
33%
Great Western Valkyrie(2014) Belle Starr (The Gem Inside Sparkles Yet)
33%
Pressure & Time(2011) Burn Down Los Angeles
33%
Feral Roots(2019) Imperial Joy
33%
Head Down(2012) Nava
33%
Pressure & Time(Bonus)(2011) Sleepwalker
33%
Pressure & Time(Bonus)(2011) Soul
33%
Hollow Bones(2016) All That I Want
17%
Before the Fire(2009) Angel
17%
Darkfighter(2023) Bird in the Hand
17%
Darkfighter(2023) Bright Light
17%
Pressure & Time(Bonus)(2011) Company Man
17%
Darkfighter(2023) Darkside
17%
Pressure & Time(2011) Face of Light
17%
Pressure & Time(2011) Get Mine
17%
Darkfighter(2023) Guillotine
17%
Pressure & Time(Bonus)(2011) Life for This Road
17%
Before the Fire(2009) Lucky Girl
17%
Darkfighter(2023) Mirrors
17%
Before the Fire(2009) Nanda-Nandana
17%
Darkfighter(2023) Nobody Wants to Die
17%
Before the Fire(2009) Pocketful of Stones
17%
Rival Sons EP(2010) Radio
17%
Darkfighter(2023) Rapture
17%
Great Western Valkyrie(2014) Rich and the Poor (Her Teeth Bound by Braces)
17%
Rival Sons EP(2010) Sacred Tongue
17%
Before the Fire(2009) Tell Me Something
17%
Head Down(2012) Three Fingers
17%
Hollow Bones(2016) Thundering Voices
17%
Hollow Bones(2016) Tied Up
17%
Great Western Valkyrie(2014) Where I've Been (The Habit Wasn't Cheap)
17%
Pressure & Time(2011) Young Love
17%
Pressure & Time(2011) All Over the Road
0%
Head Down(2012) All the Way
0%
Great Western Valkyrie(2014) Destination on Course (Slipped from the Rail)
0%
Hollow Bones(2016) Fade Out
0%
Before the Fire(2009) Flames of Lanka
0%
Rival Sons EP(2010) Get What's Coming
0%
Pressure & Time(2011) Gypsy Heart
0%
Before the Fire(2009) I Want More
0%
Great Western Valkyrie(Bonus)(2014) My Nature
0%
Pressure & Time(2011) Only One
0%
Before the Fire(2009) On My Way
0%
Great Western Valkyrie(2014) Play the Fool (The Way That Girls Talk)
0%
Before the Fire(2009) Pleasant Return
0%
Hollow Bones(2016) Pretty Face
0%
Head Down(2012) Run from Revelation
0%
Pressure & Time(2011) Save Me
0%
Feral Roots(2019) Stood by Me
0%
Before the Fire(2009) The Man Who Wasn't There
0%
Great Western Valkyrie(Bonus)(2014) Too Much Love
0%
Head Down(2012) True
0%
Pressure & Time(2011) White Noise
0%
Head Down(2012) You Want To
0%
No matching quizzes found
Score Distribution
Percent of People with Each Score
Percentile by Number Answered
Your Score History
You have not taken this quiz since the last reset